鹿児島県の市町村 (2000年) - Statistics

General Stats
  • This quiz has been taken 58 times
    45 since last reset
  • The average score is 62 of 96
Answers on the Map
Answers color-coded by a green-red scale on the quiz's map according to % correct below.
 
Answer Stats
ヒント 市町村名 % Correct
鹿児島市かごしまし
100%
枕崎市まくらざきし
100%
出水市いずみし
100%
指宿市いぶすきし
100%
姶良郡 姶良町あいらちょう
100%
曽於郡 志布志町しぶしちょう
100%
熊毛郡 中種子町なかたねちょう
100%
熊毛郡 南種子町みなみたねちょう
100%
熊毛郡 屋久町やくちょう
100%
大島郡 与論町よろんちょう
100%
西之表市にしのおもてし
97%
鹿児島郡 十島村としまむら
97%
川内市せんだいし
93%
串木野市くしきのし
93%
鹿児島郡 桜島町さくらじまちょう
93%
鹿児島郡 三島村みしまむら
93%
出水郡 東町あずまちょう
93%
肝属郡 東串良町ひがしくしらちょう
93%
大島郡 瀬戸内町せとうちちょう
93%
大島郡 龍郷町たつごうちょう
93%
大島郡 徳之島町とくのしまちょう
93%
鹿屋市かのやし
90%
名瀬市なぜし
90%
垂水市たるみずし
90%
日置郡 市来町いちきちょう
90%
出水郡 長島町ながしまちょう
90%
大島郡 伊仙町いせんちょう
90%
川辺郡 知覧町ちらんちょう
86%
薩摩郡 上甑村かみこしきむら
86%
薩摩郡 下甑村しもこしきそん
86%
姶良郡 隼人町はやとちょう
86%
大島郡 大和村やまとそん
86%
大島郡 宇検村うけんそん
86%
大島郡 喜界町きかいちょう
86%
大島郡 天城町あまぎちょう
86%
大島郡 和泊町わどまりちょう
86%
大島郡 知名町ちなちょう
86%
阿久根市あくねし
83%
国分市こくぶし
83%
揖宿郡 開聞町かいもんちょう
83%
姶良郡 霧島町きりしまちょう
83%
肝属郡 串良町くしらちょう
83%
加世田市かせだし
79%
薩摩郡 薩摩町さつまちょう
79%
揖宿郡 頴娃町えいちょう
76%
曽於郡 大隅町おおすみちょう
76%
姶良郡 加治木町かじきちょう
72%
大口市おおくちし
69%
揖宿郡 山川町やまがわちょう
69%
曽於郡 大崎町おおさきちょう
69%
熊毛郡 上屋久町かみやくちょう
69%
川辺郡 川辺町かわなべちょう
66%
日置郡 伊集院町いじゅういんちょう
62%
肝属郡 佐多町さたちょう
62%
揖宿郡 喜入町きいれちょう
59%
川辺郡 坊津町ぼうのつちょう
52%
薩摩郡 里村さとむら
52%
肝属郡 根占町ねじめちょう
52%
大島郡 笠利町かさりちょう
52%
川辺郡 笠沙町かささちょう
48%
日置郡 東市来町ひがしいちきちょう
48%
曽於郡 財部町たからべちょう
48%
曽於郡 末吉町すえよしちょう
48%
大島郡 住用村すみようそん
48%
姶良郡 吉松町よしまつちょう
45%
肝属郡 内之浦町うちのうらちょう
45%
肝属郡 大根占町おおねじめちょう
45%
薩摩郡 宮之城町みやのじょうちょう
41%
薩摩郡 祁答院町けどういんちょう
41%
伊佐郡 菱刈町ひしかりちょう
41%
鹿児島郡 吉田町よしだちょう
38%
日置郡 松元町まつもとちょう
38%
日置郡 吹上町ふきあげちょう
38%
姶良郡 溝辺町みぞべちょう
38%
肝属郡 高山町こうやまちょう
38%
日置郡 郡山町こおりやまちょう
34%
曽於郡 有明町ありあけちょう
34%
川辺郡 大浦町おおうらちょう
31%
薩摩郡 鹿島村かしまむら
31%
出水郡 高尾野町たかおのちょう
31%
姶良郡 横川町よこがわちょう
31%
姶良郡 栗野町くりのちょう
31%
姶良郡 福山町ふくやまちょう
31%
薩摩郡 樋脇町ひわきちょう
28%
出水郡 野田町のだちょう
28%
姶良郡 蒲生町かもうちょう
28%
曽於郡 輝北町きほくちょう
28%
日置郡 金峰町きんぽうちょう
24%
薩摩郡 鶴田町つるだちょう
24%
肝属郡 吾平町あいらちょう
24%
日置郡 日吉町ひよしちょう
21%
薩摩郡 入来町いりきちょう
21%
姶良郡 牧園町まきぞのちょう
17%
曽於郡 松山町まつやまちょう
17%
薩摩郡 東郷町とうごうちょう
10%
肝属郡 田代町たしろちょう
10%
No matching quizzes found
Score Distribution
Percent of People with Each Score
Percentile by Number Answered
Your Score History
You have not taken this quiz since the last reset